[Event "Integracyjny Turniej FIANCHETTO"]
[Site "Jastrzebia Gora"]
[Date "2013.??.??"]
[Round "2.8"]
[White "Strojek, Kazimierz"]
[Black "Najdzionek, Boleslaw"]
[Result "1/2-1/2"]
[WhiteElo "1737"]
[BlackElo "1911"]
[PlyCount "80"]
[EventDate "2013.??.??"]

1. e4 c5 2. Nc3 Nc6 3. g3 Nf6 4. Bg2 d6 5. d3 g6 6. Be3 Bg7 7. Qd2 h5 8. h3 Nd4
9. Nd1 Qc7 10. c3 Ne6 11. Ne2 Bd7 12. f4 Bc6 13. O-O c4 14. Nf2 cxd3 15. Qxd3
a6 16. Rfd1 Bb5 17. Qc2 Bh6 18. h4 Rc8 19. Qd2 Bd7 20. Bf3 b5 21. a3 Nc5 22.
Bxc5 Qxc5 23. Qd4 Be6 24. Rd2 O-O 25. Nd3 Qxd4+ 26. Nxd4 Bc4 27. e5 dxe5 28.
Nxe5 Bd5 29. Bxd5 Nxd5 30. Rad1 e6 31. Kf2 Rfe8 32. Kf3 Bg7 33. Nec6 Nb6 34.
Na5 e5 35. fxe5 Rxe5 36. Ndc6 Rf5+ 37. Kg2 Bf8 38. Rd8 Rxd8 39. Rxd8 Rc5 40.
Nb4 Rc8 1/2-1/2

[Event "Integracyjny Turniej FIANCHETTO"]
[Site "Jastrzebia Gora"]
[Date "2013.??.??"]
[Round "2.9"]
[White "Winiarski, Kazimierz"]
[Black "Zawada, Andrzej"]
[Result "1-0"]
[WhiteElo "1908"]
[BlackElo "1718"]
[PlyCount "83"]
[EventDate "2013.??.??"]

1. Nf3 d5 2. d4 Nf6 3. g3 Nc6 4. Bg2 e6 5. O-O Bd6 6. b3 O-O 7. Bb2 Re8 8. c4
b6 9. Nbd2 Bb7 10. Rc1 Rb8 11. a3 a5 12. Qc2 Na7 13. e3 Ba6 14. Rfd1 c5 15. e4
dxe4 16. Nxe4 Nxe4 17. Qxe4 Qe7 18. a4 Bb7 19. Qe2 cxd4 20. Nxd4 Bxg2 21. Kxg2
Ba3 22. Bxa3 Qxa3 23. Qf3 Qc5 24. Nb5 Nc8 25. Rd7 Rf8 26. Rcd1 Ne7 27. Rc7 Qb4
28. Rdd7 Nf5 29. Qd1 Rbc8 30. Rxc8 Rxc8 31. Rd8+ Rxd8 32. Qxd8+ Qf8 33. Qxb6
Qa8+ 34. f3 g5 35. Nc7 Qd8 36. Qxa5 Qd3 37. Qe1 Qxb3 38. Qd2 Qxc4 39. Qxg5+ Kf8
40. Qd8+ Kg7 41. Ne8+ Kg6 42. Qf6+ 1-0

[Event "Integracyjny Turniej FIANCHETTO"]
[Site "Jastrzebia Gora"]
[Date "2013.??.??"]
[Round "2.10"]
[White "Wroblewski, Mieczyslaw"]
[Black "Lenart, Franciszek"]
[Result "1-0"]
[WhiteElo "1825"]
[BlackElo "1573"]
[PlyCount "57"]
[EventDate "2013.??.??"]

1. e4 e5 2. Nf3 d6 3. d4 exd4 4. Nxd4 Be7 5. Bc4 Nf6 6. Nc3 Rf8 7. O-O Bg4 8.
Qd3 Bd7 9. a3 Nc6 10. f4 Na5 11. Ba2 c5 12. Nf3 Qb6 13. Kh1 O-O-O 14. Be3 Kb8
15. b4 Nc6 16. Nd5 Ng4 17. Nxb6 Nxe3 18. Nxd7+ Rxd7 19. Qxe3 Bd8 20. bxc5 dxc5
21. Qxc5 Be7 22. Qf5 Bf6 23. Qxd7 Bxa1 24. Qd6+ Kc8 25. Qxf8+ Kc7 26. Qxf7+ Kb6
27. Rb1+ Ka5 28. Qd5+ Ka6 29. Qb5# 1-0

[Event "Integracyjny Turniej FIANCHETTO"]
[Site "Jastrzebia Gora"]
[Date "2013.??.??"]
[Round "2.11"]
[White "Schils, Heinz"]
[Black "Woda, Janusz"]
[Result "1-0"]
[WhiteElo "1811"]
[BlackElo "1554"]
[PlyCount "115"]
[EventDate "2013.??.??"]

1. d4 Nf6 2. Nf3 c5 3. g3 cxd4 4. Nxd4 e5 5. Nb3 d5 6. Bg2 Nc6 7. O-O e4 8. Nc3
Bb4 9. Nb5 a6 10. N5d4 h6 11. Bf4 Nh5 12. Bd2 Nxd4 13. Nxd4 Bc5 14. Bc3 Nf6 15.
Qd2 O-O 16. e3 b5 17. Nb3 Be7 18. Bb4 Bg4 19. a4 bxa4 20. Rxa4 Bd7 21. Ra2 Bb5
22. Rfa1 Bxb4 23. Qxb4 Rc8 24. Nd4 Qc7 25. Bf1 Bxf1 26. Kxf1 Rb8 27. Qa3 Rb6
28. b3 Qd7 29. Kg2 Rc8 30. Qc1 Qb7 31. Qf1 Ra8 32. Qe2 Qc8 33. h3 g5 34. Ra5
Kh7 35. b4 Rxb4 36. Rxa6 Rxa6 37. Rxa6 Kg7 38. Ra7 Rc4 39. g4 Nd7 40. Qd1 Kg6
41. Nf5 Kf6 42. Qxd5 Qc6 43. Qxd7 Qxd7 44. Rxd7 h5 45. Nd4 h4 46. Rd6+ Ke5 47.
Rb6 Rc7 48. Rb5+ Kf6 49. Rf5+ Kg6 50. Re5 f6 51. Rxe4 Rc4 52. Re7 Rc5 53. Nf5
Rc7 54. c4 Rd7 55. c5 Rc7 56. c6 Rd7 57. Rg7+ Rxg7 58. Nxg7 1-0

[Event "Integracyjny Turniej FIANCHETTO"]
[Site "Jastrzebia Gora"]
[Date "2013.??.??"]
[Round "2.12"]
[White "Kondrusik, Aleksander"]
[Black "Witusik, Jerzy"]
[Result "1/2-1/2"]
[WhiteElo "1530"]
[BlackElo "1807"]
[PlyCount "54"]
[EventDate "2013.??.??"]

1. e4 e5 2. Nc3 Nf6 3. g3 Bc5 4. Bg2 d6 5. h3 a6 6. d3 Nbd7 7. Qe2 c6 8. Nf3
Qc7 9. Be3 Bb4 10. O-O Bxc3 11. bxc3 b5 12. Rfb1 c5 13. a4 Rb8 14. axb5 axb5
15. Rb2 O-O 16. Nd2 h6 17. Kh2 Qc6 18. Qd1 Nb6 19. Qb1 Bd7 20. Ra3 Ra8 21. Rba2
Ra4 22. Rxa4 Nxa4 23. Qa1 Rc8 24. f4 Qc7 25. fxe5 dxe5 26. Nf3 c4 27. Bd2 27...
Be6 {(...34)} 1/2-1/2

[Event "Integracyjny Turniej FIANCHETTO"]
[Site "Jastrzebia Gora"]
[Date "2013.??.??"]
[Round "2.14"]
[White "Szynwelski, Ryszard"]
[Black "Mirski, Jerzy"]
[Result "0-1"]
[WhiteElo "1320"]
[BlackElo "1801"]
[PlyCount "61"]
[EventDate "2013.??.??"]

1. e4 e6 2. Nf3 d5 3. e5 c5 4. c3 Nc6 5. g3 Nh6 6. Bg2 Be7 7. O-O O-O 8. d4 Nf5
9. Bh3 b6 10. Bg2 c4 11. Re1 Bd7 12. Nbd2 b5 13. Nf1 a5 14. h4 f6 15. g4 Nh6
16. Bxh6 gxh6 17. h5 f5 18. N1h2 Rf7 19. Qd2 Bg5 20. Qe2 fxg4 21. Nxg4 Ne7 22.
Rab1 Nf5 23. Nxg5 Qxg5 24. Nf6+ Kh8 25. Qg4 Rg8 26. Qh3 Rgg7 27. Re2 Re7 28.
Rf1 a4 29. f4 Qg3 30. Rf3 Qxh3 31. Rxh3 {(...51)} 0-1

[Event "Integracyjny Turniej FIANCHETTO"]
[Site "Jastrzebia Gora"]
[Date "2013.??.??"]
[Round "2.15"]
[White "Relidzynski, Tadeusz"]
[Black "Karolak, Jan"]
[Result "1-0"]
[WhiteElo "1875"]
[BlackElo "1905"]
[PlyCount "33"]
[EventDate "2013.??.??"]

1. e4 e6 2. d4 d5 3. Nc3 Bb4 4. e5 c5 5. a3 Bxc3+ 6. bxc3 Nc6 7. Nf3 Nge7 8.
Bd3 c4 9. Be2 h6 10. g4 Qc7 11. h4 Ng6 12. h5 Ngxe5 13. Nxe5 Nxe5 14. dxe5 Qxe5
15. Qd4 Qxd4 16. cxd4 Bd7 17. a4 {(...25)} 1-0

[Event "Integracyjny Turniej FIANCHETTO"]
[Site "Jastrzebia Gora"]
[Date "2013.??.??"]
[Round "2.16"]
[White "Zatylny, Jan"]
[Black "Niecko, Stanislaw"]
[Result "0-1"]
[WhiteElo "1583"]
[BlackElo "1817"]
[PlyCount "88"]
[EventDate "2013.??.??"]

1. d4 Nf6 2. c4 c5 3. e3 g6 4. Nc3 Bg7 5. Nf3 O-O 6. Be2 d6 7. O-O Bg4 8. h3
Bd7 9. Qc2 e6 10. Nh2 a6 11. f4 Nc6 12. dxc5 dxc5 13. a3 Qc7 14. Bf3 Rfd8 15.
b3 Rab8 16. Rb1 b5 17. cxb5 axb5 18. Ne4 Nxe4 19. Bxe4 Qb6 20. Nf3 f5 21. Bd3
e5 22. fxe5 Nxe5 23. Nxe5 Bxe5 24. a4 Bc6 25. axb5 Bxb5 26. Bc4+ Bxc4 27. Qxc4+
Kg7 28. Bb2 Bxb2 29. Rxb2 Qb4 30. Qxb4 cxb4 31. Rc1 Rb7 32. Kf2 Rd3 33. Ke2 Rc3
34. Rd1 Re7 35. Rd3 f4 36. Rb1 Rxe3+ 37. Rxe3 Rxe3+ 38. Kf2 Rd3 39. Ke2 Rg3 40.
Kf2 Rc3 41. Rb2 Kf6 42. h4 Kf5 43. Rd2 Rxb3 44. Rd7 44... h5 {(...56)} 0-1

[Event "Integracyjny Turniej FIANCHETTO"]
[Site "Jastrzebia Gora"]
[Date "2013.??.??"]
[Round "2.17"]
[White "Jurkiewicz, Kazimierz"]
[Black "Serbinowski, Mieczyslaw"]
[Result "0-1"]
[WhiteElo "1437"]
[BlackElo "1766"]
[PlyCount "36"]
[EventDate "2013.??.??"]

1. d4 d5 2. Nf3 Nf6 3. h3 e6 4. Bf4 c5 5. e3 Nc6 6. c4 Qb6 7. b3 cxd4 8. exd4
Bb4+ 9. Bd2 Nxd4 10. Bxb4 Nxf3+ 11. Qxf3 Qxb4+ 12. Qc3 Qe7 13. Bd3 O-O 14. O-O
e5 15. cxd5 Nxd5 16. Qb2 Nf4 17. Qc2 Qg5 18. Kh2 Qxg2# 0-1

[Event "Integracyjny Turniej FIANCHETTO"]
[Site "Jastrzebia Gora"]
[Date "2013.??.??"]
[Round "2.18"]
[White "Panczuk, Boleslaw"]
[Black "Korycki, Jozef"]
[Result "0-1"]
[WhiteElo "1436"]
[BlackElo "1716"]
[PlyCount "49"]
[EventDate "2013.??.??"]

1. d4 e6 2. c4 d6 3. Nf3 c6 4. Nc3 a6 5. e4 Be7 6. Bd3 h6 7. O-O Nd7 8. a4 Qc7
9. Re1 e5 10. Qc2 Bf6 11. Be3 Ne7 12. Rac1 Qb8 13. Na2 c5 14. dxc5 dxc5 15. Nc3
O-O 16. a5 Qc7 17. Qa4 Qc6 18. Qb3 Ng6 19. Nd5 Bd8 20. Bd2 Re8 21. Qa3 Qd6 22.
b4 cxb4 23. Bxb4 Qb8 24. c5 Nf6 25. Bc3 {(...37)} 0-1

[Event "Integracyjny Turniej FIANCHETTO"]
[Site "Jastrzebia Gora"]
[Date "2013.??.??"]
[Round "2.19"]
[White "Krawczyk, Zbigniew"]
[Black "Pilecki, Jozef"]
[Result "1-0"]
[WhiteElo "1683"]
[BlackElo "1399"]
[PlyCount "65"]
[EventDate "2013.??.??"]

1. c4 e5 2. Nc3 a6 3. g3 Bc5 4. Bg2 c6 5. Nf3 d6 6. O-O h6 7. d3 Nf6 8. a3 b5
9. b3 Bb7 10. Nd2 b4 11. axb4 Bxb4 12. Nce4 Nbd7 13. Ba3 Bxa3 14. Rxa3 Nb6 15.
Qa1 Rb8 16. d4 Nxe4 17. Nxe4 O-O 18. dxe5 dxe5 19. Qxe5 Re8 20. Qa1 c5 21. Nxc5
Bxg2 22. Kxg2 Rxe2 23. Nxa6 Rb7 24. Nc5 Rb8 25. Ra2 Ra8 26. Rxa8 Qxa8+ 27.
Qxa8+ Nxa8 28. Rd1 Nb6 29. Rd6 Re5 30. Rxb6 Rxc5 31. Kf3 f6 32. Rb7 Kh7 33. Rb5
1-0

[Event "Integracyjny Turniej FIANCHETTO"]
[Site "Jastrzebia Gora"]
[Date "2013.??.??"]
[Round "2.20"]
[White "Ostrowski, Michal"]
[Black "Chmielowski, Stefan"]
[Result "1/2-1/2"]
[WhiteElo "1431"]
[BlackElo "1678"]
[PlyCount "72"]
[EventDate "2013.??.??"]

1. Nf3 Nf6 2. g3 g6 3. Bg2 Bg7 4. d4 c6 5. e3 d6 6. O-O O-O 7. Nbd2 b5 8. b3 a5
9. Bb2 Be6 10. c4 b4 11. Re1 Re8 12. e4 Nfd7 13. Ng5 h6 14. Nxe6 fxe6 15. f4 e5
16. dxe5 dxe5 17. fxe5 Nxe5 18. Bxe5 Bxe5 19. Nf3 Qxd1 20. Raxd1 Nd7 21. Nxe5
Nxe5 22. Bh3 Kg7 23. Kg2 Rad8 24. Rxd8 Rxd8 25. Re2 c5 26. Be6 Rd6 27. Bd5 Rf6
28. Rf2 Rxf2+ 29. Kxf2 Kf6 30. h3 Nd3+ 31. Kf3 Ne5+ 32. Ke3 Kg5 33. Be6 Kf6 34.
Bc8 g5 35. h4 Nc6 36. h5 Ne5 1/2-1/2

[Event "Integracyjny Turniej FIANCHETTO"]
[Site "Jastrzebia Gora"]
[Date "2013.??.??"]
[Round "2.21"]
[White "Wojtowicz, Mieczyslaw"]
[Black "Jagiello, Adolf"]
[Result "1-0"]
[WhiteElo "1675"]
[BlackElo "1386"]
[PlyCount "71"]
[EventDate "2013.??.??"]

1. e4 e5 2. Nf3 Nc6 3. Be2 d6 4. O-O Bd7 5. Nc3 a6 6. Re1 Be7 7. d4 Bf6 8. Nd5
h6 9. Nxf6+ Nxf6 10. d5 Ne7 11. Bf1 Ng6 12. h3 O-O 13. Nh2 Kh7 14. Bd3 Qc8 15.
Re3 Nf4 16. Rg3 N6h5 17. Bxf4 Nxg3 18. Bxg3 f6 19. f4 Qe8 20. f5 Qe7 21. Qh5
Be8 22. Qe2 Rc8 23. Rf1 Bf7 24. Nf3 Bh5 25. Ng5+ fxg5 26. Qxh5 Qf7 27. Qg4 Qf6
28. h4 Kg8 29. hxg5 Qxg5 30. Qh3 Kh7 31. Bh4 Qh5 32. g4 Qf7 33. g5 Qh5 34. g6+
Kh8 35. Rf2 Rce8 36. Be2 {(...45)} 1-0

[Event "Integracyjny Turniej FIANCHETTO"]
[Site "Jastrzebia Gora"]
[Date "2013.??.??"]
[Round "2.22"]
[White "Grabarczyk, Edmund"]
[Black "Borkowski, Jozef"]
[Result "1-0"]
[WhiteElo "1394"]
[BlackElo "1673"]
[PlyCount "87"]
[EventDate "2013.??.??"]

1. e4 e5 2. Nf3 Nf6 3. d3 Nc6 4. Bg5 Be7 5. Nbd2 d5 6. c3 O-O 7. Qc2 Bg4 8. Be2
h6 9. Bh4 Nh5 10. Bxe7 Qxe7 11. exd5 Nd8 12. Ne4 Nf4 13. O-O-O Nxd5 14. Qb3 c6
15. h3 Be6 16. Qc2 b5 17. Nxe5 Nf4 18. Bf3 Bxa2 19. d4 Bd5 20. Qd2 Nde6 21. g3
Ng6 22. Ng4 Kh7 23. Ne3 f5 24. Nxd5 cxd5 25. Nc5 Nxc5 26. dxc5 Qxc5 27. Bh5 Ne7
28. Rhe1 b4 29. Qe3 Qxe3+ 30. Rxe3 Nc6 31. Rxd5 bxc3 32. Rxc3 Nb4 33. Ra5 g6
34. Bf3 Rfe8 35. Bxa8 Rxa8 36. Rc7+ Kg8 37. Raxa7 Rd8 38. Rg7+ Kf8 39. Rxg6
Nd3+ 40. Kc2 Nxf2 41. Rf6+ Kg8 42. Rxf5 Ne4 43. Ra6 Nxg3 44. Rg6+ 1-0

[Event "Integracyjny Turniej FIANCHETTO"]
[Site "Jastrzebia Gora"]
[Date "2013.??.??"]
[Round "2.23"]
[White "Radwan, Jan"]
[Black "Budnik, Kazimierz"]
[Result "0-1"]
[WhiteElo "1651"]
[BlackElo "1326"]
[PlyCount "55"]
[EventDate "2013.??.??"]

1. b4 b5 2. e4 a6 3. c4 Bb7 4. Nc3 e6 5. a3 bxc4 6. Bxc4 Nf6 7. d3 Nc6 8. Nf3
Be7 9. O-O O-O 10. h3 d5 11. exd5 exd5 12. Bb3 d4 13. Ne2 h6 14. Bb2 Nh5 15.
Rc1 Bg5 16. Rc5 Nf4 17. Ng3 Be7 18. Rc2 Bf6 19. Bc1 Nd5 20. Ne4 Be7 21. Rc4 Bf6
22. Rc5 Nc3 23. Nxf6+ Qxf6 24. Qd2 Rfe8 25. Bd1 Nxd1 26. Qxd1 Bc8 27. Qc2 Re6
28. Nh2 {(...41)} 0-1

[Event "Integracyjny Turniej FIANCHETTO"]
[Site "Jastrzebia Gora"]
[Date "2013.??.??"]
[Round "2.24"]
[White "Przybylak, Gabriela"]
[Black "Piasecki, Stanislaw"]
[Result "0-1"]
[WhiteElo "1376"]
[BlackElo "1648"]
[PlyCount "64"]
[EventDate "2013.??.??"]

1. d4 Nf6 2. Nf3 g6 3. c3 Bg7 4. Nbd2 d6 5. e3 O-O 6. Nb3 Re8 7. Be2 b6 8. O-O
Bb7 9. h3 Nbd7 10. Re1 Rc8 11. Nh2 e5 12. Rf1 Ne4 13. Nf3 f5 14. Nfd2 Ndf6 15.
Bd3 c5 16. Nxe4 fxe4 17. Be2 c4 18. Nd2 b5 19. b3 d5 20. Bb2 exd4 21. exd4 Bf8
22. b4 Bd6 23. a3 Bc7 24. Re1 Qd6 25. g3 e3 26. Nf1 exf2+ 27. Kxf2 Ne4+ 28. Kg2
Nxg3 29. Bg4 Nxf1 30. Qf3 Rf8 31. Be6+ Kg7 32. Qg4 Qh2# 0-1

[Event "Integracyjny Turniej FIANCHETTO"]
[Site "Jastrzebia Gora"]
[Date "2013.??.??"]
[Round "2.25"]
[White "Czarkowski, Jan"]
[Black "Jasinska-kuzia, Lidia"]
[Result "0-1"]
[WhiteElo "1289"]
[BlackElo "1605"]
[PlyCount "30"]
[EventDate "2013.??.??"]

1. e4 c5 2. d4 cxd4 3. Qxd4 Nc6 4. Qd2 Nf6 5. Nc3 e6 6. Bb5 Bb4 7. Bxc6 bxc6 8.
a3 Bxc3 9. Qxc3 Nxe4 10. Qxg7 Rf8 11. Qxh7 Qa5+ 12. Bd2 Qxd2+ 13. Kf1 Ba6+ 14.
Ne2 Qxe2+ 15. Kg1 Qxf2# 0-1

[Event "Integracyjny Turniej FIANCHETTO"]
[Site "Jastrzebia Gora"]
[Date "2013.??.??"]
[Round "2.26"]
[White "Krupecka-czarkowska, Danuta"]
[Black "Grobelna, Ewa"]
[Result "0-1"]
[WhiteElo "1233"]
[BlackElo "1541"]
[PlyCount "63"]
[EventDate "2013.??.??"]

1. d4 d5 2. Nc3 c6 3. Nf3 Bf5 4. e3 Nf6 5. Ne5 h6 6. Bd3 Ne4 7. Qf3 e6 8. Bxe4
dxe4 9. Nxe4 Bxe4 10. Qxe4 Nd7 11. O-O Nf6 12. Qd3 Bd6 13. Qb3 Qc7 14. f4 O-O
15. Qd3 Rad8 16. c3 c5 17. f5 Bxe5 18. e4 cxd4 19. Qh3 Nxe4 20. Qf3 Nf6 21. g3
dxc3 22. Rb1 c2 23. Ra1 Qc6 24. Qe2 Bd4+ 25. Be3 Qe4 26. Rae1 Qxe3+ 27. Qxe3
Bxe3+ 28. Rxe3 Rd1 29. Ree1 Rfd8 30. Kf2 R8d2+ 31. Re2 Rxe2+ 32. Kxe2 {(...43)}
0-1

[Event "Integracyjny Turniej FIANCHETTO"]
[Site "Jastrzebia Gora"]
[Date "2013.??.??"]
[Round "3.1"]
[White "Krawcewicz, Lucyna"]
[Black "Kiedrowicz, Jan"]
[Result "0-1"]
[WhiteElo "1935"]
[BlackElo "2312"]
[PlyCount "48"]
[EventDate "2013.??.??"]

1. d4 d6 2. Nf3 Nd7 3. c4 e5 4. dxe5 dxe5 5. a3 Ngf6 6. Nc3 Be7 7. b4 O-O 8.
Bb2 e4 9. Nd2 e3 10. fxe3 Ng4 11. Nf3 Bf6 12. Qd2 Nb6 13. Qd3 Be6 14. Nd2 Be5
15. Qxd8 Raxd8 16. c5 Rxd2 17. Kxd2 Nc4+ 18. Kc1 Nxb2 19. Kxb2 Nf2 20. g3 Nxh1
21. Bg2 Nf2 22. Bxb7 Rd8 23. Kc2 Ng4 24. Rc1 Nxe3+ 0-1

[Event "Integracyjny Turniej FIANCHETTO"]
[Site "Jastrzebia Gora"]
[Date "2013.??.??"]
[Round "3.2"]
[White "Kaukiel, Piotr"]
[Black "Winiarski, Kazimierz"]
[Result "1-0"]
[WhiteElo "2211"]
[BlackElo "1908"]
[PlyCount "67"]
[EventDate "2013.??.??"]

1. Nf3 Nf6 2. g3 g6 3. b4 Bg7 4. Bb2 O-O 5. Bg2 d5 6. d3 c6 7. O-O Nbd7 8. Nbd2
Nh5 9. Bxg7 Nxg7 10. c4 e6 11. a4 Qf6 12. Qb3 Nf5 13. e4 Ne7 14. d4 dxe4 15.
Nxe4 Qg7 16. a5 a6 17. Rad1 Rd8 18. h4 Nf6 19. Nc5 Nd7 20. Nd3 Rb8 21. Rfe1 b6
22. axb6 Nxb6 23. Nfe5 Rxd4 24. Nc5 Rxd1 25. Qxd1 Qf8 26. Qd6 Ra8 27. Qc7 Nbd5
28. cxd5 cxd5 29. Nc4 dxc4 30. Bxa8 Nd5 31. Bxd5 exd5 32. Qc6 Be6 33. Nxe6 fxe6
34. Rxe6 1-0

[Event "Integracyjny Turniej FIANCHETTO"]
[Site "Jastrzebia Gora"]
[Date "2013.??.??"]
[Round "3.3"]
[White "Mirski, Jerzy"]
[Black "Bakalarz, Leszek"]
[Result "0-1"]
[WhiteElo "1801"]
[BlackElo "2148"]
[PlyCount "74"]
[EventDate "2013.??.??"]

1. d4 Nf6 2. c4 c5 3. d5 e6 4. dxe6 fxe6 5. Nc3 d5 6. e3 Be7 7. Nf3 Nc6 8. Be2
O-O 9. O-O a6 10. a3 d4 11. exd4 cxd4 12. Na2 e5 13. Bg5 e4 14. Bxf6 exf3 15.
Bxe7 fxe2 16. Bxd8 exd1=Q 17. Raxd1 Rxd8 18. Nc1 Bf5 19. Nd3 Bxd3 20. Rxd3 Ne5
21. Rb3 Rd7 22. c5 Rc8 23. f4 Nc4 24. Rb4 Rxc5 25. Rc1 d3 26. Kf2 b5 27. Rd1
Rcd5 28. a4 a5 29. Rxb5 Rxb5 30. axb5 Nxb2 31. Rd2 Nc4 32. Rd1 a4 33. h4 a3 34.
Ra1 Rb7 35. Ke1 Rxb5 36. Kd1 Rb2 37. Rc1 Ne3+ 0-1

[Event "Integracyjny Turniej FIANCHETTO"]
[Site "Jastrzebia Gora"]
[Date "2013.??.??"]
[Round "3.4"]
[White "Pioch, Zygmunt"]
[Black "Wroblewski, Mieczyslaw"]
[Result "1/2-1/2"]
[WhiteElo "2086"]
[BlackElo "1825"]
[PlyCount "47"]
[EventDate "2013.??.??"]

1. e4 c5 2. Nf3 d6 3. d4 cxd4 4. Nxd4 Nf6 5. Nc3 a6 6. h3 b5 7. Bd3 Bb7 8. Qf3
e6 9. O-O Nbd7 10. Bd2 Ne5 11. Qe3 Qc7 12. b3 Be7 13. Kh1 Nc6 14. Nxc6 Qxc6 15.
Rae1 O-O 16. Qe2 b4 17. Nd1 d5 18. exd5 Qxd5 19. Ne3 Qc6 20. Rg1 Bc5 21. Nc4 a5
22. Ne5 Qc7 23. Rgf1 g6 24. Bh6 1/2-1/2

[Event "Integracyjny Turniej FIANCHETTO"]
[Site "Jastrzebia Gora"]
[Date "2013.??.??"]
[Round "3.6"]
[White "Szczepaniec, Stanislaw"]
[Black "Schils, Heinz"]
[Result "1/2-1/2"]
[WhiteElo "1987"]
[BlackElo "1811"]
[PlyCount "90"]
[EventDate "2013.??.??"]

1. c4 f5 2. Nf3 Nf6 3. g3 g6 4. Bg2 Bg7 5. O-O O-O 6. d4 d6 7. Nc3 e6 8. Re1
Nbd7 9. e4 fxe4 10. Nxe4 Nxe4 11. Rxe4 Nf6 12. Rh4 c6 13. Bh6 Bxh6 14. Rxh6 Ng4
15. Rh4 e5 16. h3 e4 17. hxg4 exf3 18. Bxf3 Qf6 19. Kg2 Bd7 20. Rc1 Rf7 21. Rc3
Raf8 22. Qd2 g5 23. Rh1 h6 24. Rf1 Kg7 25. Bd1 d5 26. c5 Re7 27. Rf3 Qe6 28.
Rxf8 Kxf8 29. f4 Rf7 30. Re1 Qf6 31. f5 Re7 32. Rxe7 Qxe7 33. Qe2 Qxe2+ 34.
Bxe2 Kf7 35. Bd3 Kf6 36. Kf3 Be8 37. b4 a6 38. a4 Bd7 39. Ke3 Be8 40. Be2 Bd7
41. Kd3 Be8 42. Kc3 Bd7 43. b5 a5 44. bxc6 bxc6 45. Ba6 Kf7 1/2-1/2

[Event "Integracyjny Turniej FIANCHETTO"]
[Site "Jastrzebia Gora"]
[Date "2013.??.??"]
[Round "3.7"]
[White "Najdzionek, Boleslaw"]
[Black "Kondrusik, Aleksander"]
[Result "1-0"]
[WhiteElo "1911"]
[BlackElo "1530"]
[PlyCount "85"]
[EventDate "2013.??.??"]

1. d4 d5 2. c4 e6 3. Nf3 Nf6 4. Nc3 Be7 5. Bf4 c6 6. e3 b6 7. cxd5 exd5 8. Be2
O-O 9. O-O Nbd7 10. h3 Bb7 11. Rc1 a5 12. a4 Re8 13. Nd2 Bb4 14. Bd3 Nf8 15.
Bg5 Qd6 16. Nf3 Qd8 17. Ne5 Be7 18. Ne2 Rc8 19. Bf5 Ne6 20. Bxe6 fxe6 21. Nf4
Qd6 22. Nfd3 c5 23. dxc5 bxc5 24. Bf4 Qb6 25. b3 Ba6 26. Re1 c4 27. bxc4 Bxc4
28. Nxc4 dxc4 29. Ne5 c3 30. Qc2 Bb4 31. Red1 Red8 32. Nf3 Qc6 33. Be5 Qc4 34.
Bd4 Rd5 35. e4 Rdd8 36. Ne5 Qc7 37. Nf3 Qb7 38. Ng5 e5 39. Qb3+ Kf8 40. Ne6+
Ke7 41. Nxd8 Rxd8 42. Bc5+ Ke8 43. Qe6+ 1-0

[Event "Integracyjny Turniej FIANCHETTO"]
[Site "Jastrzebia Gora"]
[Date "2013.??.??"]
[Round "3.8"]
[White "Witusik, Jerzy"]
[Black "Strojek, Kazimierz"]
[Result "1-0"]
[WhiteElo "1807"]
[BlackElo "1737"]
[PlyCount "49"]
[EventDate "2013.??.??"]

1. e4 d5 2. d4 dxe4 3. Nc3 Bf5 4. Nge2 Nf6 5. Ng3 Bg6 6. Bb5+ c6 7. Ba4 e6 8.
a3 Be7 9. O-O O-O 10. Re1 Qb6 11. Bb3 Rd8 12. Be3 Qc7 13. Qc1 Nbd7 14. Bf4 Bd6
15. Bxd6 Qxd6 16. Nce2 Rac8 17. c3 Nb6 18. Nf4 Bf5 19. Nfh5 Nxh5 20. Nxh5 Nd5
21. Qg5 Bg6 22. Rxe4 f6 23. Qh4 Bxe4 24. Qxe4 Rf8 25. Re1 {(...50)} 1-0

[Event "Integracyjny Turniej FIANCHETTO"]
[Site "Jastrzebia Gora"]
[Date "2013.??.??"]
[Round "3.9"]
[White "Korycki, Jozef"]
[Black "Relidzynski, Tadeusz"]
[Result "0-1"]
[WhiteElo "1716"]
[BlackElo "1875"]
[PlyCount "54"]
[EventDate "2013.??.??"]

1. e4 c5 2. Nf3 e6 3. d4 cxd4 4. Nxd4 Nf6 5. e5 Qa5+ 6. c3 Qxe5+ 7. Be2 a6 8.
Nd2 Be7 9. O-O O-O 10. N4f3 Qc7 11. Qc2 d5 12. Re1 Nbd7 13. Nf1 b5 14. a3 h6
15. Bd3 Nc5 16. Bd2 Nxd3 17. Qxd3 Bd6 18. h3 e5 19. Qe2 Re8 20. Rad1 Bd7 21.
Be3 Rac8 22. Qd2 a5 23. N1h2 b4 24. axb4 axb4 25. cxb4 d4 26. Bxh6 gxh6 27.
Qxh6 27... Nh7 {(...49)} 0-1

[Event "Integracyjny Turniej FIANCHETTO"]
[Site "Jastrzebia Gora"]
[Date "2013.??.??"]
[Round "3.10"]
[White "Niecko, Stanislaw"]
[Black "Krawczyk, Zbigniew"]
[Result "1-0"]
[WhiteElo "1817"]
[BlackElo "1683"]
[PlyCount "61"]
[EventDate "2013.??.??"]

1. c4 Nf6 2. Nf3 c5 3. d4 cxd4 4. Nxd4 g6 5. Nc3 Bg7 6. e4 d6 7. Be2 O-O 8. O-O
Nc6 9. Be3 Bd7 10. f4 Nxd4 11. Bxd4 Bc6 12. Bf3 Nd7 13. Bxg7 Kxg7 14. Nd5 Bxd5
15. exd5 Qb6+ 16. Rf2 Rfc8 17. Rc1 Rc7 18. Kf1 Qa6 19. Qd4+ Kg8 20. Re2 Re8 21.
b4 b5 22. c5 dxc5 23. bxc5 Qa3 24. Rec2 Rec8 25. c6 Nb6 26. Bg4 Rd8 27. Bf3 Qd6
28. Rd1 e6 29. Qc5 exd5 30. g3 a6 31. Qxb6 1-0

[Event "Integracyjny Turniej FIANCHETTO"]
[Site "Jastrzebia Gora"]
[Date "2013.??.??"]
[Round "3.11"]
[White "Piasecki, Stanislaw"]
[Black "Rogalski, Krzysztof"]
[Result "0-1"]
[WhiteElo "1648"]
[BlackElo "1805"]
[PlyCount "72"]
[EventDate "2013.??.??"]

1. d4 Nf6 2. c4 e6 3. Nc3 Bb4 4. Bd2 b6 5. a3 Bxc3 6. Bxc3 Ne4 7. Qc2 Bb7 8.
Nf3 O-O 9. Nd2 f5 10. e3 d6 11. Rg1 Nd7 12. f3 Nxc3 13. Qxc3 c5 14. O-O-O cxd4
15. exd4 d5 16. Kb1 Rc8 17. Qe3 Rf6 18. Rc1 Ba6 19. Bd3 Nf8 20. Rc3 dxc4 21.
Bxc4 Bxc4 22. Rxc4 Rxc4 23. Nxc4 Rf7 24. Rd1 Rc7 25. Ne5 Qd5 26. Rc1 Rxc1+ 27.
Kxc1 Nd7 28. Qc3 Nxe5 29. dxe5 Qd7 30. f4 h6 31. g3 Kh7 32. Kc2 g5 33. Qd2
Qxd2+ 34. Kxd2 gxf4 35. gxf4 Kg6 36. Ke2 Kh5 0-1

[Event "Integracyjny Turniej FIANCHETTO"]
[Site "Jastrzebia Gora"]
[Date "2013.??.??"]
[Round "3.12"]
[White "Grabczynski, Zdzislaw"]
[Black "Wojtowicz, Mieczyslaw"]
[Result "1/2-1/2"]
[WhiteElo "1797"]
[BlackElo "1675"]
[PlyCount "37"]
[EventDate "2013.??.??"]

1. d4 d5 2. c4 e6 3. a3 Nf6 4. Nc3 dxc4 5. Bg5 Be7 6. e3 h6 7. Bh4 c6 8. Bxc4
O-O 9. Nf3 Nbd7 10. Rc1 b5 11. Bd3 Bb7 12. O-O Rc8 13. Bb1 Re8 14. Qd3 Nf8 15.
h3 a5 16. Nd2 Nd5 17. Bxe7 Rxe7 18. Nce4 Ba8 19. Nc5 1/2-1/2

[Event "Integracyjny Turniej FIANCHETTO"]
[Site "Jastrzebia Gora"]
[Date "2013.??.??"]
[Round "3.13"]
[White "Szydlowski, Wiktor"]
[Black "Jasinska-kuzia, Lidia"]
[Result "1/2-1/2"]
[WhiteElo "1792"]
[BlackElo "1605"]
[PlyCount "49"]
[EventDate "2013.??.??"]

1. e4 c5 2. Nf3 Nc6 3. Bb5 Nd4 4. Nxd4 cxd4 5. O-O a6 6. Ba4 b5 7. Bb3 Bb7 8.
d3 e6 9. Bf4 Nf6 10. Nd2 Be7 11. Nf3 Qb6 12. Be5 Bc5 13. Bxf6 gxf6 14. c3 Rg8
15. Bc2 dxc3 16. bxc3 e5 17. Nh4 Qe6 18. Nf5 O-O-O 19. d4 Qxf5 20. dxc5 Bxe4
21. Bxe4 Qxe4 22. g3 Rg5 23. Rc1 Qc6 24. Qc2 Re8 25. Rfd1 {(...37)} 1/2-1/2

[Event "Integracyjny Turniej FIANCHETTO"]
[Site "Jastrzebia Gora"]
[Date "2013.??.??"]
[Round "3.14"]
[White "Lenart, Franciszek"]
[Black "Salamon, Jan"]
[Result "1/2-1/2"]
[WhiteElo "1573"]
[BlackElo "1788"]
[PlyCount "21"]
[EventDate "2013.??.??"]

1. d4 Nf6 2. e3 b6 3. Be2 e6 4. Nf3 Be7 5. O-O O-O 6. Nc3 c5 7. b3 Nc6 8. Bd2
cxd4 9. exd4 Bb7 10. a3 Rc8 11. b4 {(...40)} 1/2-1/2